000 00396nam a2200121 4500
999 _c10548
_d10548
008 180905b ||||| |||| 00| 0 eng d
100 _930924
_aCahiles-Magkilat, Bernie
245 _aSophos offers synchronized IT security solution/
_cBernie Cahiles-Magkilat
260 _aPhilippines
_bManila Bulletin
_cc2016
300 _apage B-4.
650 0 _930925
_aInformation technology.
942 _2ddc
_cPER